Multieducacao : Núcleo Curricular Básico /
Guardado en:
| Institution som forfatter: | |
|---|---|
| Format: | Ukendt |
| Sprog: | Portuguese |
| Udgivet: |
Rio de Janeiro :
Secretaria Municipal de Educacao do Rio de Janeiro,
1996.
|
| Fag: | |
| Tags: |
Tilføj Tag
Ingen Tags, Vær først til at tagge denne postø!
|
MARC
| LEADER | 000000000a22000000004500 | ||
|---|---|---|---|
| 001 | 004340 | ||
| 041 | 0 | |a por | |
| 082 | 0 | 4 | |a 375 |b M961m |
| 110 | 1 | |a Rio de Janeiro (Brasil). |b Secretaria Municipal de Educacao do Rio de Janeiro | |
| 245 | 1 | 0 | |a Multieducacao : |b Núcleo Curricular Básico / |c Rio de Janeiro (Brasil). Secretaria Municipal de Educacao do Rio de Janeiro. |
| 260 | 1 | |a Rio de Janeiro : |b Secretaria Municipal de Educacao do Rio de Janeiro, |c 1996. | |
| 300 | |a 407 páginas, [1] láminas : |b ilustraciones (algunas a color) | ||
| 500 | |a Colección George Yúdice | ||
| 650 | 4 | |a EDUCACION PRIMARIA | |
| 650 | 4 | |a PLANES DE ESTUDIO | |
| 650 | 4 | |a RIO DE JANEIRO (BRASIL) | |
| 999 | |c 10554 |d 10554 | ||
| 942 | |c BK |h 375 M961m |2 z | ||
